[Event "Colmar sim"]
[Site "Colmar"]
[Date "1998.07.09"]
[Round "?"]
[White "Kasparov, Garry"]
[Black "Munch, Paul"]
[Result "1-0"]
[WhiteElo "2825"]
[BlackElo "1830"]
[PlyCount "47"]
[EventDate "1998.07.??"]
[EventType "simul"]
[EventRounds "1"]
[EventCountry "FRA"]
[SourceTitle "EXT 1999"]
[Source "ChessBase"]
[SourceDate "1998.11.16"]
[SourceVersion "1"]
[SourceVersionDate "1998.11.16"]
[SourceQuality "1"]

1. d4 f5 2. Bg5 g6 3. Nd2 Bg7 4. e4 fxe4 5. Nxe4 Nf6 6. Nxf6+ exf6 7. Be3 0-0 8. h4 d6 9. h5 Be6 10. hxg6 hxg6 11. Qd2 Kf7 12. Ne2 Rh8 13. Rxh8 Qxh8 14. Nf4 Nd7 15. 0-0-0 c6 16. Nxe6 Kxe6 17. d5+ Kf7 18. dxc6 bxc6 19. Qxd6 Ne5 20. f4 Bf8 21. Qc7+ Be7 22. fxe5 Qe8 23. Bc4+ Kf8 24. Bh6# 1-0